Mots cachés n°7 - Statistiques

Statistiques générales
  • Ce quiz a été pris 308 fois
  • Le résultat moyen est 24 sur 25
Statistiques - réponses
Question Tuile Select % Correct
fou, plot, cône et train. G Non
100%
fou, plot, cône et train. G Non
100%
fou, plot, cône et train. E Non
99%
fou, plot, cône et train. E Non
99%
fou, plot, cône et train. E Non
99%
fou, plot, cône et train. R Non
98%
fou, plot, cône et train. T Oui
98%
fou, plot, cône et train. A Oui
97%
fou, plot, cône et train. I Oui
97%
fou, plot, cône et train. F Non
96%
fou, plot, cône et train. N Oui
96%
fou, plot, cône et train. O Non
96%
fou, plot, cône et train. P Oui
96%
fou, plot, cône et train. R Oui
96%
fou, plot, cône et train. U Oui
96%
fou, plot, cône et train. L Oui
95%
fou, plot, cône et train. O Oui
95%
fou, plot, cône et train. T Oui
95%
fou, plot, cône et train. C Oui
94%
fou, plot, cône et train. F Non
94%
fou, plot, cône et train. N Oui
94%
fou, plot, cône et train. O Oui
94%
fou, plot, cône et train. E Oui
93%
fou, plot, cône et train. O Oui
93%
fou, plot, cône et train. F Oui
91%
Aucun quiz correspondant
Distribution des résultats
% des personnes avec chaque résultat
Percentile par nombre de réponses
Votre historique - résultats
Vous n’avez pas pris ce quiz